[Event "Cairo Al Ain op"]
[Site "Cairo"]
[Date "2023.12.02"]
[Round "9"]
[White "Shabaan, Osama M"]
[Black "Mahmoud Youssef, Noha"]
[Result "1-0"]
[WhiteElo "1885"]
[BlackElo "1612"]
[PlyCount "53"]
[EventDate "2023.11.27"]
[EventType "swiss"]
[EventRounds "10"]
[EventCountry "EGY"]
[SourceTitle "CB49_2023"]
[SourceDate "2023.12.06"]
[SourceVersion "1"]
[SourceVersionDate "2023.12.06"]
[SourceQuality "1"]

1. c4 c5 2. Nc3 Nf6 3. g3 d5 4. cxd5 Nxd5 5. Nxd5 Qxd5 6. Nf3 Nc6 7. Bg2 e5 8. d3 Be7 9. 0-0 Qd8 10. Be3 0-0 11. Rc1 Qa5 12. a3 f6 13. Nd2 Nd4 14. Ne4 Be6 15. Bxd4 exd4 16. Nxc5 Bxc5 17. b4 Bxb4 18. axb4 Qb6 19. Qa4 Rac8 20. Ra1 a6 21. Rfb1 Rc3 22. b5 axb5 23. Rxb5 Qc7 24. h4 Rc5 25. Rxb7 Qe5 26. Qa7 f5 27. f4 1-0

[Event "Sharjah Cup (Women) 12th"]
[Site "Sharjah"]
[Date "2022.12.14"]
[Round "7"]
[White "Mahmoud Youssef, Noha"]
[Black "Datuashvili, Nona"]
[Result "0-1"]
[WhiteElo "1557"]
[BlackElo "2031"]
[PlyCount "88"]
[EventDate "2022.12.09"]
[EventType "swiss"]
[EventRounds "9"]
[EventCountry "UAE"]
[SourceTitle "CBM 211 Extra"]
[Source "ChessBase"]
[SourceDate "2023.01.31"]
[SourceVersion "1"]
[SourceVersionDate "2023.01.31"]
[SourceQuality "1"]

1. e4 c5 2. Nf3 e6 3. d3 Nc6 4. g3 g6 5. Bg2 Bg7 6. 0-0 Nge7 7. Nbd2 0-0 8. Re1 d5 9. h4 b5 10. Qe2 Bb7 11. c3 b4 12. e5 Qb6 13. Nf1 a5 14. Bf4 Ba6 15. Qd2 Rfb8 16. Re2 a4 17. Rc1 a3 18. bxa3 bxa3 19. N1h2 Qb5 20. c4 Qb4 21. Qc2 Nf5 22. Bd2 Qb2 23. Bc3 Qxc2 24. Rexc2 Ra7 25. cxd5 exd5 26. Ba1 Nb4 27. Rd2 Nxd3 28. Rcd1 d4 29. Ng4 Kf8 30. Bf1 Nb2 31. Rb1 Bxf1 32. Kxf1 Rab7 33. Ne1 Nc4 34. Rxb7 Nxd2+ 35. Ke2 Rxb7 36. Kxd2 c4 37. Nc2 Rb1 38. Bxd4 Nxd4 39. Nxd4 Rb2+ 40. Kc3 Rxa2 41. Kxc4 Rb2 42. Kc3 Rb1 43. f4 a2 44. Nc2 Rc1 0-1

[Event "Sharjah Cup (Women) 12th"]
[Site "Sharjah"]
[Date "2022.12.13"]
[Round "6"]
[White "Asgharzadeh, Mitra"]
[Black "Mahmoud Youssef, Noha"]
[Result "1-0"]
[WhiteElo "2029"]
[BlackElo "1557"]
[PlyCount "55"]
[EventDate "2022.12.09"]
[EventType "swiss"]
[EventRounds "9"]
[EventCountry "UAE"]
[SourceTitle "CBM 211 Extra"]
[Source "ChessBase"]
[SourceDate "2023.01.31"]
[SourceVersion "1"]
[SourceVersionDate "2023.01.31"]
[SourceQuality "1"]

1. Nf3 c5 2. g3 Nc6 3. Bg2 g6 4. 0-0 Bg7 5. d3 d5 6. Nbd2 Nf6 7. e4 0-0 8. Re1 b6 9. c3 Bb7 10. e5 Nd7 11. d4 cxd4 12. cxd4 Nb4 13. Qb3 a5 14. a3 Na6 15. Nf1 Rc8 16. Bf4 e6 17. h4 Nc7 18. N1h2 Ba6 19. Qe3 Re8 20. Bh3 Nf8 21. Ng4 f5 22. Bg5 Qd7 23. Nf6+ Bxf6 24. exf6 Qb5 25. Ne5 Red8 26. f7+ Kg7 27. Bh6+ Kh8 28. Qg5 1-0

[Event "EGY-ch (Women)"]
[Site "Giza"]
[Date "2022.09.12"]
[Round "6"]
[White "Gamal Eldin, Fatma"]
[Black "Mahmoud Youssef, Noha"]
[Result "0-1"]
[WhiteElo "1529"]
[BlackElo "1511"]
[PlyCount "72"]
[EventDate "2022.09.10"]
[EventType "swiss"]
[EventRounds "9"]
[EventCountry "EGY"]
[SourceTitle "EXT 2023"]
[Source "ChessBase"]
[SourceDate "2022.10.05"]
[SourceVersion "1"]
[SourceVersionDate "2022.10.05"]
[SourceQuality "1"]

1. e4 c5 2. Nc3 g6 3. f4 Bg7 4. Nf3 d6 5. h3 Nf6 6. d3 Nc6 7. g4 0-0 8. Bg2 Nd4 9. 0-0 Rb8 10. Ne2 b5 11. c3 Nxf3+ 12. Rxf3 c4 13. e5 dxe5 14. fxe5 Nd7 15. d4 Nxe5 16. Rf1 Nd3 17. Ng3 e5 18. dxe5 Qb6+ 19. Kh2 Bxe5 20. Be4 Nf2 21. Qf3 Bxg3+ 22. Kxg3 Nxe4+ 23. Qxe4 Bb7 24. Qf4 Rbd8 25. Bd2 Rd3+ 26. Kh2 Qd8 27. Be3 Qd5 28. Rf2 Re8 29. Bxa7 g5 30. Qc1 Rf3 31. Rxf3 Re2+ 32. Kg1 Rg2+ 33. Kh1 Rf2 34. Kg1 Rxf3 35. Qe1 Re3 36. Kf2 Qf3+ 0-1

[Event "EGY-ch (Women)"]
[Site "Giza"]
[Date "2022.09.12"]
[Round "5"]
[White "Mahmoud Youssef, Noha"]
[Black "Hassan, Hala"]
[Result "1/2-1/2"]
[WhiteElo "1511"]
[BlackElo "1811"]
[PlyCount "112"]
[EventDate "2022.09.10"]
[EventType "swiss"]
[EventRounds "9"]
[EventCountry "EGY"]
[SourceTitle "EXT 2023"]
[Source "ChessBase"]
[SourceDate "2022.10.05"]
[SourceVersion "1"]
[SourceVersionDate "2022.10.05"]
[SourceQuality "1"]

1. e4 e6 2. d4 d5 3. Nd2 Nf6 4. e5 Nfd7 5. Bd3 c5 6. c3 Nc6 7. Ne2 cxd4 8. cxd4 Qb6 9. Nf3 Bb4+ 10. Bd2 Bxd2+ 11. Qxd2 Qb4 12. 0-0 Qxd2 13. Nxd2 Nb4 14. Bb5 a6 15. Ba4 b5 16. Bb3 Nb6 17. a3 Nc6 18. Rac1 Nc4 19. Nxc4 bxc4 20. Ba4 Bd7 21. Bxc6 Bxc6 22. b3 Kd7 23. bxc4 dxc4 24. Rxc4 Bb5 25. Rc2 Rhc8 26. Rd2 Rc7 27. Re1 Bxe2 28. Rdxe2 Rc4 29. Rd1 Rac8 30. Re3 Rc1 31. Rf1 R8c4 32. Rf3 Ke7 33. g3 Rxf1+ 34. Kxf1 Rxd4 35. Rf4 Rd5 36. Ra4 a5 37. f4 g5 38. Kf2 h6 39. fxg5 hxg5 40. Re4 Rd3 41. Re3 Rd2+ 42. Kf3 Rd4 43. Re4 Rd3+ 44. Kg4 Rxa3 45. Kxg5 a4 46. g4 Rh3 47. Rxa4 Rxh2 48. Ra7+ Kf8 49. Ra3 Kg7 50. Rf3 Re2 51. Kf4 Rc2 52. Re3 Kg6 53. Re4 Rc1 54. Re3 Rf1+ 55. Rf3 Rc1 56. Re3 Rb1 1/2-1/2

[Event "Arab-ch U16 Girls"]
[Site "Baghdad"]
[Date "2022.03.17"]
[Round "9"]
[White "Mahmoud Youssef, Noha"]
[Black "Tiba, Mahdi Attiyah"]
[Result "0-1"]
[WhiteElo "1395"]
[BlackElo "1693"]
[PlyCount "120"]
[EventDate "2022.03.10"]
[EventType "swiss"]
[EventRounds "9"]
[EventCountry "IRQ"]
[SourceTitle "EXT 2023"]
[Source "ChessBase"]
[SourceDate "2022.10.05"]
[SourceVersion "1"]
[SourceVersionDate "2022.10.05"]
[SourceQuality "1"]

1. e4 d5 2. exd5 Qxd5 3. Nc3 Qa5 4. Nf3 Nf6 5. d3 Bf5 6. g3 c6 7. Bg2 e6 8. Bd2 Qc7 9. 0-0 Be7 10. Re1 Nbd7 11. Qe2 0-0 12. Rad1 Rfe8 13. Ne4 h6 14. h3 Rad8 15. Bf4 e5 16. Nxe5 Nxe5 17. d4 Nxe4 18. Bxe4 Bxh3 19. dxe5 Qc8 20. f3 Bf5 21. g4 Bxe4 22. Qxe4 Bc5+ 23. Kg2 Qe6 24. Rh1 Rxd1 25. Rxd1 g5 26. Bc1 Qxe5 27. Qxe5 Rxe5 28. Rd8+ Kg7 29. b4 Re2+ 30. Kf1 Rxc2 31. Bxg5 hxg5 32. bxc5 Rxc5 33. Rd7 Rb5 34. a4 Rb4 35. a5 a6 36. Ke2 Rb5 37. Kd3 Kf6 38. Kc4 Ke6 39. Rc7 f6 40. Rg7 Rxa5 41. Rxb7 Ra3 42. Rb6 Kd6 43. Kb4 Rxf3 44. Rxa6 Rf4+ 45. Kc3 Rxg4 46. Ra2 c5 47. Ra6+ Ke5 48. Rc6 c4 49. Rc5+ Kd6 50. Rf5 Ke6 51. Rc5 Rf4 52. Rc7 Kf5 53. Rc5+ Kg4 54. Rc7 f5 55. Rh7 Kg3 56. Rh5 g4 57. Rh1 Kg2 58. Rh4 Re4 59. Rh5 f4 60. Rh4 g3 0-1

[Event "Arab-ch U16 Girls"]
[Site "Baghdad"]
[Date "2022.03.11"]
[Round "2"]
[White "Mahmoud Youssef, Noha"]
[Black "Nihad, Sabah Noori"]
[Result "0-1"]
[WhiteElo "1395"]
[BlackElo "1380"]
[PlyCount "98"]
[EventDate "2022.03.10"]
[EventType "swiss"]
[EventRounds "9"]
[EventCountry "IRQ"]
[SourceTitle "EXT 2023"]
[Source "ChessBase"]
[SourceDate "2022.10.05"]
[SourceVersion "1"]
[SourceVersionDate "2022.10.05"]
[SourceQuality "1"]

1. e4 e5 2. Nf3 Nc6 3. Bc4 Bc5 4. c3 Nf6 5. d3 h6 6. b4 Bd6 7. Nbd2 a6 8. a4 0-0 9. 0-0 Re8 10. Re1 Bf8 11. Qb3 Qe7 12. Nf1 d6 13. Ne3 Be6 14. Qd1 Bxc4 15. Nxc4 g6 16. h3 Bg7 17. Bd2 Qd7 18. Qc2 d5 19. exd5 Qxd5 20. Ne3 Qd7 21. Nc4 Qd5 22. Ne3 Qd7 23. Rad1 b5 24. Bc1 Rad8 25. axb5 axb5 26. Qe2 Nd5 27. Bb2 Nf4 28. Qf1 Nxd3 29. Rd2 e4 30. Red1 Qe7 31. Rxd3 exd3 32. Rxd3 Rxd3 33. Qxd3 Ne5 34. Qxb5 Nxf3+ 35. gxf3 Qg5+ 36. Qxg5 hxg5 37. Kf1 Rd8 38. Ke2 Kf8 39. Nd1 Ke7 40. Bc1 Bf6 41. f4 gxf4 42. Bxf4 c6 43. Be3 Ke6 44. c4 Rb8 45. Bd2 Be7 46. c5 Kd5 47. Kd3 Rh8 48. Ne3+ Ke6 49. Nc4 Rh4 0-1